Normal view
MARC view
- Balochistān (Pakistan)
Entry Geographic Name
001 - CONTROL NUMBER
- control field: 4641
003 - CONTROL NUMBER IDENTIFIER
- control field: NUST
005 - DATE AND TIME OF LATEST TRANSACTION
- control field: 20170919113135.0
008 - FIXED-LENGTH DATA ELEMENTS
- fixed length control field: 170919|| aca||aabn | a|a d
040 ## - CATALOGING SOURCE
- Original cataloging agency: NUST
- Transcribing agency: NUST
151 ## - HEADING--GEOGRAPHIC NAME
- Geographic name: Balochistān (Pakistan)
- General subdivision: Social conditions.
670 ## - SOURCE DATA FOUND
- Source citation: Work cat.: (NUST)0: Ṣiddīqī, Muḥammad Ismāʻīl. 4640, Āʼīnah-yi Balocistān /, 2008.
